Les amours bibliques (Record no. 87985)

MARC details
000 -LEADER
campo de control de longitud fija 00425nam a2200145 i 4500
001 - NÚMERO DE CONTROL
campo de control 87985
003 - IDENTIFICADOR DE NÚMERO DE CONTROL
campo de control ES-MaACL
007 - CAMPO FIJO DE DESCRIPCIÓN FÍSICA--INFORMACIÓN GENERAL
campo de control de longitud fija t|
008 - DATOS DE LONGITUD FIJA--INFORMACIÓN GENERAL
campo de control de longitud fija 041229s1901 fr ||||1| fre d
100 1# - ENTRADA PRINCIPAL--NOMBRE DE PERSONA
Nombre de persona Lafargue, Fernand.
9 (RLIN) 69467
245 14 - MENCIÓN DEL TÍTULO
Título Les amours bibliques
Resto del título : Ruth : roman moderne /
Mención de responsabilidad, etc. Fernand Lafargue.
260 ## - PUBLICACIÓN, DISTRIBUCIÓN, ETC.
Lugar de publicación, distribución, etc. [S.l. :
Nombre del editor, distribuidor, etc. s.n.,
Fecha de publicación, distribución, etc. 1901] (
Lugar de fabricación/manufactura Auxerre :
Fabricante Albert Launier)
300 ## - DESCRIPCIÓN FÍSICA
Extensión 356 p. ;
Dimensiones 18 cm.
852 ## - LOCALIZACIÓN
Ubicación ES-MaACL
Número de control de estantería D-982
Holdings
Estatus retirado Estado de pérdida Estado de daño No para préstamo Biblioteca de origen Biblioteca actual Ubicación en estantería Fecha de adquisición Fuente de adquisición Total de préstamos Signatura topográfica completa Código de barras Visto por última vez Precio de reemplazo Tipo de ítem Koha
        Biblioteca del Ateneo de Madrid Biblioteca del Ateneo de Madrid Sala Valle Inclán 17/01/2008     D-982 901091909 23/02/2023 23/02/2023 Libro impreso antiguo